The future of strategic deterrence
Gorde:
| Egile nagusia: | |
|---|---|
| Formatua: | Liburua |
| Hizkuntza: | ingelesa |
| Argitaratua: |
Hamden
Archon Books
1981
|
| Gaiak: | |
| Etiketak: |
Etiketa erantsi
Etiketarik gabe, Izan zaitez lehena erregistro honi etiketa jartzen!
|
MARC
| LEADER | 00000nam a2200000 a 4500 | ||
|---|---|---|---|
| 001 | UCT9140 | ||
| 003 | CL-VaPUC | ||
| 008 | 970404e19810000US |||||||||||||||||eng|d | ||
| 082 | 0 | 4 | |a 341.73 |b BER |2 21 |
| 100 | 0 | |a Bertram, Christoph |e author |9 381536 | |
| 245 | 1 | 4 | |a The future of strategic deterrence |
| 300 | |a 108 p | ||
| 942 | |c BK | ||
| 945 | |d 19970404 00:00:00 |a cmena | ||
| 260 | |a Hamden |b Archon Books |c 1981 | ||
| 650 | 0 | |a Paz |9 259242 | |
| 650 | 0 | |a Desarme |9 255227 | |
| 650 | 0 | |a Relaciones Internacionales |9 255740 | |
| 650 | 7 | |a TRATADOS DE NO PROLIFERACION |2 CL-VaPUC |9 336836 | |
| 650 | 7 | |a COEXISTENCIA PACIFICA |2 CL-VaPUC |9 338675 | |
| 650 | 0 | |a Armas nucleares |9 334563 | |
| 650 | 0 | |a Guerra nuclear |9 318894 | |
| 650 | 7 | |a CONTROL DE ARMAMENTOS |2 CL-VaPUC |9 354177 | |
| 583 | |a last modification |c 19970404 00:00:00 |k Rodrigo Vera | ||
| 999 | |c 257560 |d 257558 | ||
| 952 | |0 0 |1 0 |4 0 |6 341_730000000000000_BER_1981 |7 0 |8 A |9 281093 |a BIBDER |b BIBDER |d 2019-11-19 |i 1823329 |o 341.73 BER 1981 |p 1823329 |r 2023-01-25 |w 2019-11-19 |y BK |k DER | ||